000
00276nam a2200109Ia 4500
008
200302s9999 xx 000 0 und d
100
_a
John Summerson
245
_a
The Architecture of the Eighteenth Century
260
_b
Thames and Hudson Ltd.
260
_c
2010
300
_a
176
999
_c
3564
_d
3564